Mega General Knowledge - A - Statistics

General Stats
  • This quiz has been taken 84 times
  • The average score is 19 of 50
Answer Stats
Clue Answer % Correct
First letter of the Greek alphabet Alpha
88%
Friend in Spanish Amigo
88%
Longest river in the world Amazon
87%
Nickname for New York City, The Big: Apple
83%
Someone without a religion Atheist
77%
Disorder that causes memory loss Amnesia
75%
Death, famine, war and conquest.The four horsemen of the: Apocalypse
73%
Largest city in Alaska Anchorage
72%
Country in between France and Spain Andorra
72%
Popular athleticwear brand Adidas
68%
Sect of Christianity that disallows cars and computers Amish
68%
Capital of Algeria Algiers
65%
Loveable sitcom alien Alf
63%
Capital of Ethiopia Addis Ababa
60%
Sea between the Balkan peninsula and Italy Adriatic
57%
Lion from the Chronicles of Narnia Aslan
57%
Island region of Portugal Azores
53%
Universally hated ex wife of Johnny Depp Amber Heard
52%
News company based in Qatar Al Jazeera
51%
Title of Karl Ludwig and Franz Ferdinand Archduke
51%
The House of The Rising Sun band The Animals
47%
Indigenous people of Australia Aboriginal
45%
A type of bacteria that grows on water Algae
45%
Drink of the gods in Greek mythology Ambrosia
37%
Music played at a fast tempo Allegro
36%
Fictional element that The Wolverine's skeleton is made of Adamantium
33%
Espresso diluted with hot water Americano
33%
Sister of Apollo Athena
33%
Cultivating plants could be considered this Agriculture
29%
Major language of Ethiopia Amharic
25%
Someone who is friendly or agreeable could be called: Amicable
23%
Planet blown up by the death star in star wars Alderaan
21%
Invertebrate animals with an exoskeleton Arthropod
19%
Latin for "To the stars" Ad Astra
17%
Cave dwelling amphibian that inhabits Mexico City Axolotl
17%
New Zealand in the Maori language Aotearoa
15%
NASA is an example of one of these Acronym
11%
"Light Meal" Favoured by Millennials Avocado Toast
11%
The name of this hyena family member means "Earth Wolf" in dutch Aardwolf
8%
Historical strategy video game series Age of Empires
8%
British territories in Cyprus. Dhekelia and: Akrotiri
7%
Constellation that represents Ganymede Aquarius
7%
Popular battle royale videogame Apex Legends
5%
A type of medieval crossbow Arbalest
4%
Also known as Wolfsbane Aconitum
3%
Main character of The Neverending Story Atreyu
3%
Rainbow colored stone that can be found in The Rocky Mountains Ammolite
1%
Location of Terra Botanica the plant theme park Angers
1%
City that the Quizmaster is from Ann Arbor
1%
Giant caterpillar mythical creature Awd goggie
1%
No matching quizzes found
Score Distribution
Percent of People with Each Score
Percentile by Number Answered
Your Score History
You have not taken this quiz